000 01226cam a2200337 a 4500
001 data
005 20260322212119.0
008 data
035 _a17285091
906 _a7
_bcbc
_corignew
_d1
_eecip
_f20
_gy-gencatlg
925 0 _aacquire
_b2 shelf copies
_xpolicy default
955 _wrd14 2012-05-03
_frg07 2012-12-04 to CALM
_txj87 2013-02-21 copy 2 added
010 _a 2012013852
020 _a9780262018326
_qhardcover : alk. paper
040 _aDLC
_cDLC
_dDLC
042 _apcc
050 0 0 _aQA76
_b.R657 2013
082 0 0 _a004
_223
100 1 _aRosenbloom, Paul S.
245 1 0 _aOn computing :
_bthe fourth great scientific domain /
_cPaul S. Rosenbloom.
260 _aCambridge, Mass. :
_bMIT Press,
_cc2013.
300 _axxiv, 307p. :
_bill. ;
_c24 cm.
336 _atext
_btxt
_2rdacontent
337 _aunmediated
_bn
_2rdamedia
338 _avolume
_bnc
_2rdacarrier
504 _aIncludes bibliographical references (p. [255]-287) and index.
650 0 _aComputer science.
650 0 _aComputer science
_xResearch.
650 0 _aComputer science
_xPhilosophy.
999 _c1821
_d1821